Statistics for NCAA Football Teams with the most players drafted

Click here to take the quiz!

General Stats

  • This quiz has been taken 215 times
  • The average score is 35 of 50

Answer Stats

# of draft picksSchool% Correct
127Alabama
99%
93Michigan
96%
71Texas
96%
109Georgia
95%
141Ohio State
95%
109Florida
94%
91Notre Dame
93%
109Florida State
91%
82Clemson
89%
126LSU
89%
101Oklahoma
89%
109USC
89%
69Oregon
88%
61Michigan State
85%
54Washington
84%
119Miami
83%
65UCLA
83%
82Penn State
82%
82Tennessee
82%
66Texas A&M
81%
76Auburn
77%
85Wisconsin
72%
70Nebraska
70%
48Oregon State
70%
75Iowa
68%
65Arkansas
67%
62South Carolina
67%
48Virginia
67%
53Mississippi State
65%
74Stanford
64%
44Colorado
62%
61North Carolina
61%
76Virginia Tech
61%
46Kansas State
60%
39Illinois
59%
56Arizona State
58%
60Utah
58%
48Ole Miss
57%
45Maryland
56%
43Missouri
56%
45Purdue
54%
38Baylor
53%
53TCU
53%
49West Virginia
51%
43Boston College
49%
55Louisville
47%
59North Carolina State
40%
50Pittsburgh
40%
38Boise State
31%
66California
30%

Score Distribution

Percentile by Number Answered

Percent of People with Each Score

Your Score History

You have not taken this quiz